[Event "DVM U10 2016"]
[Site "Magdeburg GER"]
[Date "2016.12.28"]
[Round "3"]
[White "Symanski, Linda"]
[Black "Mantu, Valentin"]
[Result "0-1"]
[Termination "normal"]
[Board "20.2"]
[WhiteElo "600"]
[BlackElo "961"]
[WhiteTeam "SF Essen-Werden"]
[BlackTeam "SV Empor Erfurt"]
[PlyCount "26"]
[WhiteFideId "16284534"]
[BlackFideId "16278054"]
[EventCountry "GER"]
[EventRounds "7"]
[EventType "team-swiss"]
[EventDate "2016.12.27"]

1. e4 Nf6 2. Nc3 d6 3. Bb5+ c6 4. Bc4 Ng4 5. Nf3 g6 6. O-O Bg7 7. h3 Ne5 8. d3
O-O 9. Bg5 Bxh3 10. gxh3 Qd7 11. h4 Qg4+ 12. Kh2 Nxf3+ 13. Kh1 Qh3# 0-1

[Event "DVM U10 2016"]
[Site "Magdeburg GER"]
[Date "2016.12.28"]
[Round "3"]
[White "Weiß, Oskar"]
[Black "Blume, Leo"]
[Result "1/2-1/2"]
[Termination "normal"]
[Board "20.3"]
[WhiteElo "934"]
[BlackElo "749"]
[WhiteTeam "SV Empor Erfurt"]
[BlackTeam "SF Essen-Werden"]
[PlyCount "54"]
[WhiteFideId "16220552"]
[EventCountry "GER"]
[EventRounds "7"]
[EventType "team-swiss"]
[EventDate "2016.12.27"]

1. e4 e5 2. Nf3 Nc6 3. Bc4 Bc5 4. d3 Nf6 5. Bg5 O-O 6. Nc3 h6 7. Bh4 d6 8. Nd5
Bg4 9. Nxf6+ gxf6 10. h3 Bh5 11. Qd2 Bb4 12. c3 Ba5 13. O-O-O Nd4 14. Ne1 Bxd1
15. Qxd1 Nc6 16. Qd2 Kh7 17. g4 Qe7 18. Nf3 Rg8 19. Rg1 Rg6 20. Nh2 Rag8 21.
Kb1 Nd4 22. b4 Bb6 23. cxd4 exd4 24. Nf3 R8g7 25. Re1 c5 26. Qb2 a5 27. a3 axb4
1/2-1/2

[Event "DVM U10 2016"]
[Site "Magdeburg GER"]
[Date "2016.12.28"]
[Round "3"]
[White "Symanski, Philip"]
[Black "Rüttinger, Max"]
[Result "1-0"]
[Termination "normal"]
[Board "20.4"]
[WhiteElo "752"]
[BlackElo "962"]
[WhiteTeam "SF Essen-Werden"]
[BlackTeam "SV Empor Erfurt"]
[PlyCount "65"]
[BlackFideId "16278097"]
[EventCountry "GER"]
[EventRounds "7"]
[EventType "team-swiss"]
[EventDate "2016.12.27"]

1. e4 e5 2. Nf3 Nc6 3. Bb5 Nf6 4. Nc3 Bc5 5. O-O a6 6. Bc4 d6 7. h3 Be6 8. Bxe6
fxe6 9. d3 Nh5 10. Bg5 Qd7 11. Na4 Ng3 12. Re1 Bb4 13. c3 Bc5 14. Nxc5 dxc5 15.
fxg3 h6 16. Be3 Qf7 17. Bxc5 Qg6 18. Kh2 h5 19. Be3 h4 20. Nxh4 Qf6 21. Rf1 Qe7
22. Ng6 Qd7 23. Nxh8 O-O-O 24. Nf7 Rg8 25. b4 Ne7 26. d4 exd4 27. cxd4 Qb5 28.
a3 Ng6 29. Qc1 Qd7 30. e5 Rf8 31. Nd6+ Kd8 32. Rxf8+ Nxf8 33. Nxb7+ 1-0

[Event "DVM U10 2016"]
[Site "Magdeburg GER"]
[Date "2016.12.28"]
[Round "3"]
[White "Poetzsch-Heffter, Frieder"]
[Black "Held, Momme Fredrik"]
[Result "0-1"]
[Termination "normal"]
[Board "21.2"]
[WhiteElo "785"]
[BlackElo "1085"]
[WhiteTeam "Lübecker SV 1"]
[BlackTeam "SC Kreuzberg"]
[PlyCount "83"]
[WhiteFideId "34608842"]
[BlackFideId "16237692"]
[EventCountry "GER"]
[EventRounds "7"]
[EventType "team-swiss"]
[EventDate "2016.12.27"]

1. e4 e5 2. Nf3 Nc6 3. Bc4 Nf6 4. Ng5 d5 5. exd5 Na5 6. Nxf7 Kxf7 7. Bd3 Qxd5
8. Nc3 Qxg2 9. Rf1 Bc5 10. b3 Ng4 11. Ne4 Bd4 12. Rb1 Bf5 13. Bb2 Bb6 14. Qe2
Bxe4 15. Bxe4 Bxf2+ 16. Kd1 Qh3 17. Bf5 Ne3+ 18. Kc1 Nxf5 19. Rxf2 Nc6 20. Qc4+
Kg6 21. Qe6+ Kg5 22. Qd5 Rae8 23. Rf3 Qxh2 24. Bc3 Rhf8 25. Qc5 Nfd4 26. Re3
Rf1+ 27. Kb2 Rxb1+ 28. Kxb1 b6 29. Qd5 Qf4 30. Re4 Qf5 31. d3 Qe6 32. Qc4 Qxc4
33. bxc4 h5 34. Bd2+ Kf5 35. Rh4 Rh8 36. Bc3 g5 37. Rh1 g4 38. Rf1+ Kg5 39.
Bd2+ Kg6 40. Rg1 Nf3 41. Rg2 Nxd2+ 42. Rxd2 0-1

[Event "DVM U10 2016"]
[Site "Magdeburg GER"]
[Date "2016.12.28"]
[Round "3"]
[White "Lieske, Aaron"]
[Black "Hellenbroich, Helene"]
[Result "1-0"]
[Termination "normal"]
[Board "21.3"]
[WhiteElo "1001"]
[BlackElo "782"]
[WhiteTeam "SC Kreuzberg"]
[BlackTeam "Lübecker SV 1"]
[PlyCount "61"]
[WhiteFideId "16297938"]
[BlackFideId "16270754"]
[EventCountry "GER"]
[EventRounds "7"]
[EventType "team-swiss"]
[EventDate "2016.12.27"]

1. e4 e5 2. Nf3 Nc6 3. Bc4 Bc5 4. O-O Nf6 5. Nc3 d6 6. h3 O-O 7. d3 h6 8. Be3
Bxe3 9. fxe3 Re8 10. Re1 Nh5 11. d4 exd4 12. exd4 Ng3 13. Kh2 Nh5 14. Qd2 a6
15. a3 b5 16. Bd5 Bd7 17. Ba2 Rb8 18. d5 Ne5 19. Nxe5 dxe5 20. Rf1 a5 21. Ne2
b4 22. d6 cxd6 23. Bxf7+ Kh7 24. Bxh5 Rf8 25. Rxf8 Qxf8 26. axb4 axb4 27. Ng3
b3 28. c3 Be8 29. Bxe8 Qxe8 30. Qxd6 Rd8 31. Qa3 {nicht mehr nachvollziehbar}
1-0

[Event "DVM U10 2016"]
[Site "Magdeburg GER"]
[Date "2016.12.28"]
[Round "3"]
[White "Widderich, Jan Ole"]
[Black "Varykhalov, Roman"]
[Result "1-0"]
[Termination "normal"]
[Board "21.4"]
[WhiteElo "600"]
[BlackElo "803"]
[WhiteTeam "Lübecker SV 1"]
[BlackTeam "SC Kreuzberg"]
[PlyCount "43"]
[EventCountry "GER"]
[EventRounds "7"]
[EventType "team-swiss"]
[EventDate "2016.12.27"]

1. e4 e5 2. Nf3 Nc6 3. Bc4 Bc5 4. Nc3 d6 5. d3 Bg4 6. h3 Bxf3 7. Qxf3 Nf6 8.
Bg5 Qe7 9. Nd5 Nd4 10. Qd1 Qd8 11. c3 Ne6 12. Bh4 O-O 13. Nxf6+ gxf6 14. Qg4+
Kh8 15. Qf5 Kg7 16. Rg1 Nf4 17. g3 Ne6 18. g4 Nf4 19. g5 Qe8 20. gxf6+ Kh8 21.
Rg7 b6 22. Qxh7# 1-0

[Event "DVM U10 2016"]
[Site "Magdeburg GER"]
[Date "2016.12.28"]
[Round "3"]
[White "Ellert, Stefan"]
[Black "Schulz, Rafael"]
[Result "0-1"]
[Termination "normal"]
[Board "22.1"]
[WhiteElo "1246"]
[BlackElo "1084"]
[WhiteTeam "SV Schachfreunde Friedrichshagen"]
[BlackTeam "USV TU Dresden"]
[PlyCount "104"]
[WhiteFideId "16235029"]
[EventCountry "GER"]
[EventRounds "7"]
[EventType "team-swiss"]
[EventDate "2016.12.27"]

1. e4 e5 2. Nf3 Nc6 3. Bc4 Bc5 4. Nc3 Nf6 5. d3 h6 6. O-O d6 7. h3 Be6 8. Bb3
O-O 9. Be3 Bb6 10. Na4 Bxb3 11. axb3 Ba5 12. Nc3 Re8 13. Nd5 b6 14. c3 b5 15.
b4 Bb6 16. Nxb6 cxb6 17. d4 Nxe4 18. Qd3 d5 19. Qxb5 Qd7 20. dxe5 a6 21. Rxa6
Rxa6 22. Qxa6 Qc7 23. Bxb6 Qd7 24. Bd4 Rb8 25. Qe2 Qe7 26. Rd1 Qe6 27. b5 Ne7
28. b6 Nc8 29. Nd2 Nxd2 30. Qxd2 Nxb6 31. Bxb6 Rxb6 32. Qxd5 Rxb2 33. Qxe6 fxe6
34. Rc1 Kf8 35. f4 Ke7 36. g4 Ra2 37. f5 Re2 38. fxe6 Kxe6 39. c4 Rxe5 40. c5
Kd7 41. c6+ Kc7 42. Kf2 Re6 43. Kf3 Rxc6 44. Rxc6+ Kxc6 45. Kf4 Kd7 46. Kf5 Ke8
47. h4 Kf8 48. g5 hxg5 49. hxg5 Kg8 50. Kg6 Kf8 51. Kh7 Kf7 52. g6+ Kf6 0-1

[Event "DVM U10 2016"]
[Site "Magdeburg GER"]
[Date "2016.12.28"]
[Round "3"]
[White "Kempe, Caius Emilian"]
[Black "Murach, Moritz"]
[Result "1-0"]
[Termination "normal"]
[Board "22.2"]
[WhiteElo "1095"]
[BlackElo "849"]
[WhiteTeam "USV TU Dresden"]
[BlackTeam "SV Schachfreunde Friedrichshagen"]
[PlyCount "71"]
[WhiteFideId "16246861"]
[EventCountry "GER"]
[EventRounds "7"]
[EventType "team-swiss"]
[EventDate "2016.12.27"]

1. c4 c5 2. Nc3 Nc6 3. g3 Nf6 4. Bg2 e5 5. d3 d6 6. Nf3 Be7 7. O-O O-O 8. b3
Be6 9. Bb2 d5 10. cxd5 Bxd5 11. Nxd5 Nxd5 12. Nxe5 Nxe5 13. Bxe5 Bf6 14. Bxf6
Qxf6 15. Bxd5 Rab8 16. Bg2 b5 17. Rc1 Qb2 18. Qc2 Qxc2 19. Rxc2 Rbc8 20. Rfc1
c4 21. bxc4 b4 22. d4 Rfd8 23. d5 Rc5 24. Rb1 a5 25. Rd1 Kf8 26. e4 f6 27. f4
Ke7 28. e5 g5 29. Kf2 h6 30. h4 gxh4 31. gxh4 fxe5 32. fxe5 a4 33. Rd3 h5 34.
Ke3 b3 35. axb3 axb3 36. Rxb3 1-0

[Event "DVM U10 2016"]
[Site "Magdeburg GER"]
[Date "2016.12.28"]
[Round "3"]
[White "Tempel, Emil"]
[Black "Eichner, Tim"]
[Result "0-1"]
[Termination "normal"]
[Board "22.3"]
[WhiteElo "600"]
[BlackElo "818"]
[WhiteTeam "SV Schachfreunde Friedrichshagen"]
[BlackTeam "USV TU Dresden"]
[PlyCount "32"]
[BlackFideId "34617213"]
[EventCountry "GER"]
[EventRounds "7"]
[EventType "team-swiss"]
[EventDate "2016.12.27"]

1. e4 e5 2. Nf3 Nc6 3. Bc4 Bc5 4. d3 Nf6 5. Bg5 d6 6. Nc3 h6 7. Bh4 Be6 8. Bxe6
fxe6 9. Bxf6 gxf6 10. Qe2 Qe7 11. Nh4 O-O-O 12. Ng6 Qg7 13. Nxh8 Rxh8 14. Rg1
Nd4 15. Qd2 Nf3+ 16. gxf3 Qxg1+ 0-1

[Event "DVM U10 2016"]
[Site "Magdeburg GER"]
[Date "2016.12.28"]
[Round "3"]
[White "Kovalchuk, Alexander"]
[Black "Graßmann, Ludwig"]
[Result "1-0"]
[Termination "normal"]
[Board "22.4"]
[WhiteElo "787"]
[BlackElo "600"]
[WhiteTeam "USV TU Dresden"]
[BlackTeam "SV Schachfreunde Friedrichshagen"]
[PlyCount "57"]
[WhiteFideId "16247809"]
[BlackFideId "16238486"]
[EventCountry "GER"]
[EventRounds "7"]
[EventType "team-swiss"]
[EventDate "2016.12.27"]

1. e4 e5 2. Nf3 Nc6 3. Bc4 Nf6 4. d3 Bc5 5. Be3 Bxe3 6. fxe3 O-O 7. O-O d6 8.
Nc3 Bg4 9. h3 Bd7 10. d4 exd4 11. exd4 Nb4 12. a3 Nc6 13. Qd3 Ne7 14. b4 Ng6
15. Qe3 Bg4 16. hxg4 Nxg4 17. Qd2 Nh4 18. Ng5 h6 19. Nxf7 Rxf7 20. Bxf7+ Kf8
21. Bh5+ Nf6 22. g3 Ke7 23. Rxf6 Kxf6 24. gxh4 Ke6 25. Bg4+ Ke7 26. Nd5+ Ke8
27. Qf4 Qxh4 28. Bd7+ Kxd7 29. Qxh4 1-0

[Event "DVM U10 2016"]
[Site "Magdeburg GER"]
[Date "2016.12.28"]
[Round "3"]
[White "Hecker, Linus Maximin"]
[Black "Gohel, Fabian Franz"]
[Result "1-0"]
[Termination "normal"]
[Board "23.1"]
[WhiteElo "993"]
[BlackElo "882"]
[WhiteTeam "Düsseldorfer SV"]
[BlackTeam "SF Nordost Berlin 2"]
[PlyCount "53"]
[WhiteFideId "16275152"]
[EventCountry "GER"]
[EventRounds "7"]
[EventType "team-swiss"]
[EventDate "2016.12.27"]

1. e4 c5 2. Nf3 Nc6 3. Nc3 Nf6 4. Bb5 g6 5. d3 Bg7 6. O-O O-O 7. Bd2 a6 8. Ba4
b5 9. Bb3 Bb7 10. a3 Qc7 11. Be3 d6 12. d4 c4 13. Ba2 e5 14. b3 cxb3 15. Bxb3
exd4 16. Nxd4 Nxd4 17. Bxd4 Nxe4 18. Bxg7 Nxc3 19. Bxc3 Qxc3 20. Qxd6 Rad8 21.
Qe7 Qc6 22. f3 Qd6 23. Qxb7 Rd7 24. Qe4 Qc5+ 25. Kh1 Rd4 26. Qe1 Re8 27. Qxe8+
1-0

[Event "DVM U10 2016"]
[Site "Magdeburg GER"]
[Date "2016.12.28"]
[Round "3"]
[White "Möbis, Lucas"]
[Black "Hörhager-Celjo, Dino"]
[Result "0-1"]
[Termination "normal"]
[Board "23.2"]
[WhiteElo "600"]
[BlackElo "861"]
[WhiteTeam "SF Nordost Berlin 2"]
[BlackTeam "Düsseldorfer SV"]
[PlyCount "28"]
[WhiteFideId "16255046"]
[BlackFideId "16253035"]
[EventCountry "GER"]
[EventRounds "7"]
[EventType "team-swiss"]
[EventDate "2016.12.27"]

1. e4 e5 2. Nf3 Nc6 3. Nc3 Nf6 4. Bb5 d6 5. Bxc6+ bxc6 6. d3 d5 7. Bd2 Bc5 8.
a3 d4 9. b4 dxc3 10. Bxc3 Be7 11. Bxe5 O-O 12. Qd2 Bd6 13. O-O Ng4 14. h3 Nxe5
0-1

[Event "DVM U10 2016"]
[Site "Magdeburg GER"]
[Date "2016.12.28"]
[Round "3"]
[White "Schachner-Blume, Leander"]
[Black "Geiser, Lennard"]
[Result "0-1"]
[Termination "normal"]
[Board "23.3"]
[WhiteElo "843"]
[BlackElo "600"]
[WhiteTeam "Düsseldorfer SV"]
[BlackTeam "SF Nordost Berlin 2"]
[PlyCount "44"]
[EventCountry "GER"]
[EventRounds "7"]
[EventType "team-swiss"]
[EventDate "2016.12.27"]

1. e4 Nc6 2. Nc3 e5 3. Nf3 Nf6 4. Bc4 d6 5. d3 Bg4 6. Bg5 Be7 7. Qd2 O-O 8.
O-O-O Nd4 9. Rde1 c6 10. h3 Bxf3 11. gxf3 d5 12. exd5 cxd5 13. Bb5 Bb4 14. a3
Bxc3 15. Qxc3 Ne6 16. Bxf6 Qxf6 17. Rhg1 Rac8 18. Qb3 Nd4 19. Qxd5 Nxf3 20.
Rgf1 Nxe1 21. Rxe1 Qxf2 22. c3 Qxe1+ 0-1

[Event "DVM U10 2016"]
[Site "Magdeburg GER"]
[Date "2016.12.28"]
[Round "3"]
[White "Sommer, Justus"]
[Black "Lienau, Tom"]
[Result "1/2-1/2"]
[Termination "normal"]
[Board "24.1"]
[WhiteElo "862"]
[BlackElo "886"]
[WhiteTeam "Lübecker SV 2"]
[BlackTeam "Segeberger SF"]
[PlyCount "48"]
[WhiteFideId "16245008"]
[BlackFideId "16216423"]
[EventCountry "GER"]
[EventRounds "7"]
[EventType "team-swiss"]
[EventDate "2016.12.27"]

1. e4 e5 2. Nf3 Nc6 3. Nc3 Nf6 4. d4 d6 5. Bg5 Be7 6. g3 h6 7. Be3 d5 8. dxe5
Nxe4 9. Nxd5 Be6 10. Nxe7 Qxd1+ 11. Rxd1 Nxe7 12. Bd3 Bf5 13. O-O O-O-O 14.
Bxa7 Nc6 15. Be3 Nb4 16. a3 Nxd3 17. cxd3 Bg4 18. dxe4 Rxd1 19. Rxd1 Bxf3 20.
Rc1 Bxe4 21. Bb6 c6 22. h3 g5 23. b4 Bf3 24. a4 Kd7 1/2-1/2

[Event "DVM U10 2016"]
[Site "Magdeburg GER"]
[Date "2016.12.28"]
[Round "3"]
[White "Palyan, Levon"]
[Black "Schmitz, Niklas"]
[Result "1-0"]
[Termination "normal"]
[Board "24.2"]
[WhiteElo "880"]
[BlackElo "775"]
[WhiteTeam "Segeberger SF"]
[BlackTeam "Lübecker SV 2"]
[PlyCount "39"]
[WhiteFideId "16216440"]
[EventCountry "GER"]
[EventRounds "7"]
[EventType "team-swiss"]
[EventDate "2016.12.27"]

1. e4 e5 2. Nf3 Nc6 3. Bc4 Bc5 4. Nc3 Nf6 5. d3 O-O 6. Bg5 h6 7. Bh4 Be7 8.
Bxf6 Bxf6 9. Nd5 Be7 10. Nxe7+ Qxe7 11. Qd2 d6 12. O-O-O Bg4 13. h3 Bh5 14. g4
Bg6 15. h4 Nd4 16. Nxd4 exd4 17. Bd5 c6 18. Bb3 Qe6 19. Bxe6 fxe6 20. f4 1-0

[Event "DVM U10 2016"]
[Site "Magdeburg GER"]
[Date "2016.12.28"]
[Round "3"]
[White "Gossing, Maxi-Sophia"]
[Black "Staubus, Noah"]
[Result "0-1"]
[Termination "normal"]
[Board "24.3"]
[WhiteElo "790"]
[BlackElo "1007"]
[WhiteTeam "Lübecker SV 2"]
[BlackTeam "Segeberger SF"]
[PlyCount "34"]
[BlackFideId "34690271"]
[EventCountry "GER"]
[EventRounds "7"]
[EventType "team-swiss"]
[EventDate "2016.12.27"]

1. e4 e5 2. Nf3 Nc6 3. Bc4 Bc5 4. d3 Nf6 5. Ng5 O-O 6. Nxf7 Rxf7 7. Bxf7+ Kxf7
8. Bg5 h6 9. Bxf6 Qxf6 10. O-O d6 11. h3 Qg6 12. Qf3+ Kg8 13. Nc3 Nd4 14. Qd1
Bxh3 15. g3 Nxc2 16. Qxc2 Qxg3+ 17. Kh1 Qg2# 0-1

[Event "DVM U10 2016"]
[Site "Magdeburg GER"]
[Date "2016.12.28"]
[Round "3"]
[White "Spehr, Neil"]
[Black "Schlange, Jonathan"]
[Result "1-0"]
[Termination "normal"]
[Board "25.1"]
[WhiteElo "948"]
[BlackElo "865"]
[WhiteTeam "Schachakademie Paderborn 2"]
[BlackTeam "Schachzwerge Magdeburg 2"]
[PlyCount "58"]
[BlackFideId "16287240"]
[EventCountry "GER"]
[EventRounds "7"]
[EventType "team-swiss"]
[EventDate "2016.12.27"]

1. d4 f5 2. Bf4 Nf6 3. Nf3 d5 4. e3 Bd7 5. Nc3 Nc6 6. Bd3 e6 7. a3 Bd6 8. Bg3
Ne4 9. Bxd6 cxd6 10. O-O Qc7 11. Qe1 O-O 12. b4 Kh8 13. b5 Na5 14. Nd2 Nxc3 15.
a4 e5 16. dxe5 dxe5 17. f3 e4 18. Be2 Nxe2+ 19. Qxe2 Qxc2 20. Rfe1 Nc4 21. Nxc4
Qxe2 22. Rxe2 dxc4 23. fxe4 fxe4 24. Rc2 Rfc8 25. Kf2 Rd8 26. Kg3 g5 27. h4 Rg8
28. hxg5 Rxg5+ 29. Kf4 Rg4+ {nicht mehr nachvollziehbar} 1-0

[Event "DVM U10 2016"]
[Site "Magdeburg GER"]
[Date "2016.12.28"]
[Round "3"]
[White "Heutling, Sarah"]
[Black "Schäfer, Anton"]
[Result "0-1"]
[Termination "normal"]
[Board "25.2"]
[WhiteElo "600"]
[BlackElo "901"]
[WhiteTeam "Schachzwerge Magdeburg 2"]
[BlackTeam "Schachakademie Paderborn 2"]
[PlyCount "38"]
[WhiteFideId "16287304"]
[EventCountry "GER"]
[EventRounds "7"]
[EventType "team-swiss"]
[EventDate "2016.12.27"]

1. e4 e6 2. Nc3 d5 3. Nf3 Nc6 4. d3 Bd6 5. Bg5 f6 6. Be3 Nge7 7. d4 Ng6 8. Bb5
Bd7 9. O-O h5 10. a3 h4 11. Bxc6 Bxc6 12. Qb1 f5 13. exd5 exd5 14. Qa2 f4 15.
Bd2 h3 16. gxh3 Rxh3 17. Ne1 Qg5+ 18. Kh1 Qh4 19. Rg1 Rxh2# 0-1

[Event "DVM U10 2016"]
[Site "Magdeburg GER"]
[Date "2016.12.28"]
[Round "3"]
[White "Stammen, York Magnus"]
[Black "Dornheim, Anna Elisabeth"]
[Result "1-0"]
[Termination "normal"]
[Board "25.3"]
[WhiteElo "864"]
[BlackElo "600"]
[WhiteTeam "Schachakademie Paderborn 2"]
[BlackTeam "Schachzwerge Magdeburg 2"]
[PlyCount "37"]
[WhiteFideId "16295471"]
[BlackFideId "34644296"]
[EventCountry "GER"]
[EventRounds "7"]
[EventType "team-swiss"]
[EventDate "2016.12.27"]

1. d4 d5 2. Bf4 Nc6 3. Nf3 e6 4. e3 Bb4+ 5. c3 Ba5 6. Bb5 Bd7 7. Ne5 Nf6 8.
Nxc6 Bxc6 9. Bxc6+ bxc6 10. Qa4 O-O 11. Qxa5 Rb8 12. Qxa7 Rxb2 13. Qxc7 Qe8 14.
Bd6 e5 15. Bxf8 Qxf8 16. Qxe5 Ng4 17. Qg3 Qa3 18. Qxg4 Qe7 19. Qc8+ 1-0

[Event "DVM U10 2016"]
[Site "Magdeburg GER"]
[Date "2016.12.28"]
[Round "3"]
[White "Merdian, Nick"]
[Black "Jonas, Tim"]
[Result "1/2-1/2"]
[Termination "normal"]
[Board "26.1"]
[WhiteElo "1115"]
[BlackElo "1062"]
[WhiteTeam "SC Postbauer-Heng"]
[BlackTeam "SF Schwerin"]
[PlyCount "49"]
[WhiteFideId "16255275"]
[EventCountry "GER"]
[EventRounds "7"]
[EventType "team-swiss"]
[EventDate "2016.12.27"]

1. e4 e5 2. Nf3 Nc6 3. Bc4 Nd4 4. Nxd4 exd4 5. Qf3 Qf6 6. Qb3 Bc5 7. O-O d6 8.
h3 Qg6 9. Qf3 Be6 10. Bxe6 fxe6 11. e5 c6 12. exd6 Bxd6 13. d3 h6 14. Bf4 e5
15. Bg3 Nf6 16. Nd2 O-O 17. Nc4 Nd5 18. Qe4 Rf6 19. Bxe5 Qxe4 20. dxe4 Bxe5 21.
exd5 Bc7 22. dxc6 Rxc6 23. b3 b5 24. Nd2 Rxc2 25. Nf3 1/2-1/2

[Event "DVM U10 2016"]
[Site "Magdeburg GER"]
[Date "2016.12.28"]
[Round "3"]
[White "Krömer, Jakob"]
[Black "Mikulasch, Nicole"]
[Result "0-1"]
[Termination "normal"]
[Board "26.2"]
[WhiteElo "600"]
[BlackElo "880"]
[WhiteTeam "SF Schwerin"]
[BlackTeam "SC Postbauer-Heng"]
[PlyCount "44"]
[EventCountry "GER"]
[EventRounds "7"]
[EventType "team-swiss"]
[EventDate "2016.12.27"]

1. e4 d5 2. d4 dxe4 3. Bb5+ c6 4. Bc4 Nh6 5. Bxh6 gxh6 6. Nc3 Rg8 7. g3 Bf5 8.
Qh5 e6 9. Nge2 Bg6 10. Qg4 f5 11. Qf4 Qf6 12. Qd2 Nd7 13. O-O O-O-O 14. a3 Nb6
15. b3 Nxc4 16. bxc4 e5 17. Rfd1 c5 18. d5 Bh5 19. a4 f4 20. Nxe4 Qh4 21. Kh1
Qh3 22. Nf6 Bf3+ 0-1

[Event "DVM U10 2016"]
[Site "Magdeburg GER"]
[Date "2016.12.28"]
[Round "3"]
[White "Mikulasch, Kevin"]
[Black "Wiechhusen, Laurin-Elias"]
[Result "0-1"]
[Termination "normal"]
[Board "26.3"]
[WhiteElo "795"]
[BlackElo "600"]
[WhiteTeam "SC Postbauer-Heng"]
[BlackTeam "SF Schwerin"]
[PlyCount "38"]
[BlackFideId "34643788"]
[EventCountry "GER"]
[EventRounds "7"]
[EventType "team-swiss"]
[EventDate "2016.12.27"]

1. e4 e5 2. Qh5 Nf6 3. Qf3 Nc6 4. Bc4 Bc5 5. d3 h6 6. Ne2 O-O 7. Ng3 Nd4 8. Qd1
d6 9. Na3 c6 10. Nh5 Nxh5 11. Qxh5 Bxa3 12. Qd1 Bc5 13. b3 b5 14. Bb2 bxc4 15.
dxc4 Be6 16. Bxd4 Bxd4 17. Rb1 Qa5+ 18. b4 Qxa2 19. Ra1 Bxa1 0-1

[Event "DVM U10 2016"]
[Site "Magdeburg GER"]
[Date "2016.12.28"]
[Round "3"]
[White "Avram, Luca"]
[Black "Tran Minh, Hieu"]
[Result "1/2-1/2"]
[Termination "normal"]
[Board "27.1"]
[WhiteElo "1324"]
[BlackElo "1170"]
[WhiteTeam "SV Hemer"]
[BlackTeam "SF Hettstedt"]
[PlyCount "33"]
[WhiteFideId "16225627"]
[BlackFideId "16244877"]
[EventCountry "GER"]
[EventRounds "7"]
[EventType "team-swiss"]
[EventDate "2016.12.27"]

1. e4 e5 2. Nf3 Nc6 3. Bc4 Bc5 4. c3 Qf6 5. d3 h6 6. Nbd2 d6 7. h3 Nge7 8. Nf1
O-O 9. Ng3 Ng6 10. O-O a6 11. a4 Qd8 12. Be3 Ba7 13. d4 Qe7 14. Qd2 Re8 15. Nh5
Qf8 16. Bxh6 gxh6 17. Nf6+ 1/2-1/2

[Event "DVM U10 2016"]
[Site "Magdeburg GER"]
[Date "2016.12.28"]
[Round "3"]
[White "Seidel, Hans"]
[Black "Jagodzinsky, Lukas"]
[Result "0-1"]
[Termination "normal"]
[Board "27.2"]
[WhiteElo "871"]
[BlackElo "741"]
[WhiteTeam "SF Hettstedt"]
[BlackTeam "SV Hemer"]
[PlyCount "30"]
[BlackFideId "16233255"]
[EventCountry "GER"]
[EventRounds "7"]
[EventType "team-swiss"]
[EventDate "2016.12.27"]

1. e4 e5 2. Nf3 Nc6 3. Bc4 Bc5 4. Nc3 d6 5. d3 Bg4 6. Bb5 Nf6 7. O-O O-O 8. h3
Bh5 9. a3 Nd4 10. b4 Nxf3+ 11. gxf3 Bd4 12. Bc4 Qd7 13. Bd5 Qxh3 14. Bxb7 Bxf3
15. Qe1 Qg2# 0-1

[Event "DVM U10 2016"]
[Site "Magdeburg GER"]
[Date "2016.12.28"]
[Round "3"]
[White "Palfi, Anton Emil"]
[Black "Leonard, Amanda"]
[Result "1-0"]
[Termination "normal"]
[Board "27.4"]
[WhiteElo "859"]
[BlackElo "600"]
[WhiteTeam "SF Hettstedt"]
[BlackTeam "SV Hemer"]
[PlyCount "65"]
[EventCountry "GER"]
[EventRounds "7"]
[EventType "team-swiss"]
[EventDate "2016.12.27"]

1. e4 e5 2. Bc4 Bc5 3. Nc3 d6 4. Qf3 Nf6 5. Bb5+ c6 6. Bc4 O-O 7. d4 exd4 8. e5
dxe5 9. Ne4 Nxe4 10. Qxe4 Re8 11. Bd3 g6 12. Bc4 Bf5 13. Qe2 Qa5+ 14. c3 dxc3
15. b4 Qxb4 16. Bg5 Rd8 17. Bxd8 Qxc4 18. Qxc4 Nd7 19. Be7 Re8 20. Bxc5 b6 21.
Bd6 b5 22. Qxc6 Nb8 23. Qxe8+ Kg7 24. Bxe5+ Kh6 25. Qf8+ Kh5 26. Qxb8 c2 27.
Qb7 b4 28. Qf3+ Kh6 29. g4 a5 30. g5+ Kxg5 31. Qf4+ Kh5 32. Bf6 a4 33. Qg5# 1-0

[Event "DVM U10 2016"]
[Site "Magdeburg GER"]
[Date "2016.12.28"]
[Round "3"]
[White "Mischke, Richard"]
[Black "Ihle, Jonte"]
[Result "0-1"]
[Termination "normal"]
[Board "28.1"]
[WhiteElo "900"]
[BlackElo "1133"]
[WhiteTeam "VfL Gräfenhainichen"]
[BlackTeam "SG Niederkassel"]
[PlyCount "104"]
[WhiteFideId "16255585"]
[EventCountry "GER"]
[EventRounds "7"]
[EventType "team-swiss"]
[EventDate "2016.12.27"]

1. d4 Nf6 2. Nc3 g6 3. Nf3 Bg7 4. g3 d6 5. Bg2 c6 6. Bf4 Nbd7 7. e4 O-O 8. O-O
Nb6 9. Re1 Re8 10. e5 dxe5 11. Nxe5 Nfd7 12. Nxd7 Bxd7 13. Qf3 Bxd4 14. Rad1
Bg7 15. Bh3 e6 16. Bg2 Qf6 17. Rd2 Nd5 18. Nxd5 cxd5 19. c3 Rac8 20. Ree2 Bc6
21. Qg4 Qf5 22. Qxf5 gxf5 23. Be3 a6 24. b4 Bxc3 25. Rc2 Bxb4 26. Bf4 Bb5 27.
Rxc8 Rxc8 28. Rb2 Be7 29. Bf3 Bf6 30. Rd2 Rc1+ 31. Kg2 Bf1+ 32. Kg1 Bh3+ 33.
Rd1 Rxd1+ 34. Bxd1 Bg4 35. f3 Bh5 36. g4 fxg4 37. fxg4 Bg6 38. g5 Bd4+ 39. Kg2
Kg7 40. Kg3 f6 41. Kh4 fxg5+ 42. Bxg5 e5 43. Kg4 e4 44. Kg3 h6 45. Bf4 e3 46.
Kg2 Bd3 47. Kf3 Bc4 48. Bxe3 Bxe3 49. Kxe3 Bxa2 50. Kd4 Kf6 51. Bf3 Ke6 52. h4
b5 0-1

[Event "DVM U10 2016"]
[Site "Magdeburg GER"]
[Date "2016.12.28"]
[Round "3"]
[White "Hartmann, Simon"]
[Black "Gertz, Amon"]
[Result "0-1"]
[Termination "normal"]
[Board "28.2"]
[WhiteElo "792"]
[BlackElo "762"]
[WhiteTeam "SG Niederkassel"]
[BlackTeam "VfL Gräfenhainichen"]
[PlyCount "44"]
[EventCountry "GER"]
[EventRounds "7"]
[EventType "team-swiss"]
[EventDate "2016.12.27"]

1. e4 e5 2. Nc3 Nf6 3. Bc4 Nc6 4. Nf3 Bc5 5. Ng5 O-O 6. O-O d6 7. d3 h6 8. Nf3
Nd4 9. Bd2 Nxf3+ 10. Qxf3 Bg4 11. Qg3 Re8 12. Rad1 c6 13. Rfe1 b5 14. Bb3 Bxd1
15. Rxd1 Qd7 16. Bxh6 Ng4 17. Qf3 gxh6 18. Bxf7+ Qxf7 19. Qxg4+ Kh7 20. Qf5+
Qxf5 21. exf5 b4 22. Ne4 Rf8 0-1